Central Library OPAC University of Rajshahi

An eye witness account of the Indian mutiny / (Record no. 25959)

MARC details
000 -LEADER
fixed length control field 00704cam a22002297a 4500
001 - CONTROL NUMBER
control field 25959
003 - CONTROL NUMBER IDENTIFIER
rucl marc code BD-RjUL
005 - DATE AND TIME OF LATEST TRANSACTION
control field 20211209050942.0
008 - FIXED-LENGTH DATA ELEMENTS--GENERAL INFORMATION
fixed length control field 140319s1984 ii ab 001 0 eng
035 ## - SYSTEM CONTROL NUMBER
System control number (BD-RjUL)26029
040 ## - CATALOGING SOURCE
Original cataloging agency DLC
Transcribing agency DLC
Modifying agency DLC
-- BD-RjUL
Language of cataloging eng
041 ## - LANGUAGE CODE
Language code of text/sound track or separate title eng
082 ## - DEWEY DECIMAL CLASSIFICATION NUMBER
Classification number 954.03
Author mark and year ROE 1984
100 1# - MAIN ENTRY--PERSONAL NAME
Personal name Roberts, Fredrick Sleigh
Dates associated with a name 1832-1914.
9 (RLIN) 79770
245 13 - TITLE STATEMENT
Title An eye witness account of the Indian mutiny /
Statement of responsibility, etc. Field-Marshal Lord Roberts of Kandahar.
260 ## - PUBLICATION, DISTRIBUTION, ETC. (IMPRINT)
Place of publication, distribution, etc. Delhi :
Name of publisher, distributor, etc. Mittal Publications,
Date of publication, distribution, etc. 1984.
300 ## - PHYSICAL DESCRIPTION
Pagination xxii, 597 p. :
Illustrations ill. ;
Size 25 cm.
504 ## - BIBLIOGRAPHY, ETC. NOTE
Bibliography, etc Includes index.
650 ## - SUBJECT ADDED ENTRY--TOPICAL TERM
Topical term or geographic name as entry element witness
Form subdivision India
9 (RLIN) 79771
942 ## - ADDED ENTRY ELEMENTS (KOHA)
Source of classification or shelving scheme Dewey Decimal Classification
Koha item type Books
Holdings
Lost status Source of classification or shelving scheme Damaged status Not for loan Collection code Permanent Location Current Location Shelving location Date acquired Source of acquisition Cost, normal purchase price Total Checkouts Full call number Date last seen Copy number Koha item type
  Dewey Decimal Classification     Non-fiction Central Library, University of Rajshahi Central Library, University of Rajshahi   06/10/1987 Zerad book shop 188.00   954.03 ROE 1984 19/03/2014 C-2 Books
  Dewey Decimal Classification   Not For Loan Non-fiction Central Library, University of Rajshahi Central Library, University of Rajshahi Reading Room 25/08/1986 Karim International 360.00   954.03 ROE 1984 08/02/2017 C-1 Books